000 00862nam a2200229Ii 4500
003 JO-AjNU
008 230605s9999||||xx |||||||||||||| ||und||
020 _a9953-450-12-9
040 _aJO-AjNU
_bara
_erda
_cJO-AjNU
041 _aara
050 1 4 _aHM278. I26 2004
100 3 _aبن صنيتان، محمد,
_eauthor
_943765
245 0 0 _a النخب السعودية : دراسة في التحولات والاخفاقات
250 _aط1
264 3 1 _aبيروت: مركز دراسات الوحدة العربية، 2004
300 _a220ص
_bيحتوي على ببلوغرافية من ص209-220ص
336 _atext
_btxt
_2rdacontent
337 _aunmediated
_bn
_2rdamedia
338 _avolume
_bnc
_2rdacarrier
490 0 _aسلسلة اطروحات الدكتوراه؛48
650 4 _aالسلطة السياسية -السعودية
_943766
999 _aA18838
_c22406
_d22406